LEADER 01078nam a2200241 u 4500 001 000000058651 003 CaOOAMICUS 005 20070226120721.0 008 010611s1972 vc u000 u lat u 035 $a10892093 040 $aPUL(R)$bita 245 00$aSchema canonum de procedura administrativa. 260 $a[Civitas Vaticana] :$bTypis polyglottis vaticanis,$c1972. 300 $a15 p. ;$c27 cm 500 $aIn testa al front.: "Pontificia Commissio Codici Iuris Canonici Recognoscendo". 500 $aSul front.: "(Reservatum)". 650 4$aDiritto canonico.$0(OLS)http://pul/subject/1294 710 2 $aPontificia Commissio Codici Iuris Canonici Recognoscendo.$0(OLS)http://pul/name/2849 850 $aPUL 852 $aPUL$W1$xSL Diritto Canonico 3$y77$m262. 99 CAN.2 1.5$j76599$nBK-PRI$b $qDDC 21$B76599$CPULBib$Z2$F76599 $H60312 $82 941 1 $a9 996 $6245$aSchema canonum de procedura administrativa$9(OLS)http://pul/title/78573 996 $6260$a[Civitas Vaticana] :$bTypis polyglottis vaticanis$9(OLS)http://pul/publisher/69675 LEADER 01153nam a2200265 a 4500 001 000000145548 003 CaOOAMICUS 005 20150908145723.0 008 150908s1999 it u000 u ita r 020 $a88-8071-093-1 040 $aPUL$bita 100 1 $aRuini, Camillo,$ccard.,$d1931-$0(OLS)http://pul/name/19821 245 10$aChiesa e cultura verso il 2000 :$bragioni e prospettive di un impegno culturale /$cCamillo Ruini. 260 $aReggio Emilia :$bSan Lorenzo,$c1999. 300 $a86 p. ;$c20 cm 490 1 $aIo ho un popolo numeroso ;$v02 650 4$aChiesa e cultura.$0(OLS)http://pul/subject/38971 830 0$aIo ho un popolo numeroso ;$v02.$0(OLS)http://pul/title/184064 850 $aPUL 852 $aPUL$W1$xDP1 Fondo S. Lanza$y121$m3 P 34$j168282$qFondi$B168883$CPULBib$Z2$F168883 $HLan1330 $82 941 1 $a1 996 $6020$a88-8071-093-1$9(OLS)http://pul/number/158533 996 $6245$aChiesa e cultura verso il 2000 :$bragioni e prospettive di un impegno culturale$9(OLS)http://pul/title/184063 996 $6260$aReggio Emilia :$bSan Lorenzo$9(OLS)http://pul/publisher/74454